01301cam a2200313 a 4500001001000000003000900010005001700019008004100036020001500077035002600092040002500118082002300143245010200166260011500268300002800383650005000411650005900461651004200520700003400562700003100596700003700627700004600664700002700710710006200737910003400799942001400833952012300847999001700970000013879DO-SdBNP20250612133448.0991208s1999 mx a f001 0 spa  a9688429872 a(MxMxBFM)bm 970107127 aDO-SdBNPcDLCdBNPHU 4a327.1772bN96422203aLa nueva política mexicana de cooperación internacional /cJorge Alberto Lozoya ... [et al.]. aMéxico :bSecretaría de Relaciones Exteriores ;bInstituto Mexicano de Cooperación Internacional,c1999. a174 p. :bil. ;c23 cm. 0aCooperación internacional zMéxico931438 4aCooperación internacional educativazMéxico931439 7aMéxicoxRelaciones exteriores936741 aLozoya, Jorge Alberto.9314401 aAbarca Ayala, Abel.9314411 aAlcázar, Marco Antonio.9314421 aGarcía-López Laoez, Agustín.9314431 aNualart, Jaime.9314441 aInstituto Mexicano de Cooperación Internacional.931445 aCatalogación por copia / LC 2ddccLBS1 001052708MOaGRbGRcCTd2009-11-30iLF1l0o327.1772 N964p13879-10r2020-06-25w2020-06-25y2ZPréstamo interno c13485d13485